| 000 | 02573nam0a2200397 i 4500 | ||
|---|---|---|---|
| 001 | RU\NLR\BIBL_A\010902467 | ||
| 005 | 20260408122710.0 | ||
| 021 |
_aRU _b2015-84162 _95145 |
||
| 035 | _a(NILC)RuMoRGB-008057064 | ||
| 035 | _a(NLR Aleph) 010902467 | ||
| 090 |
_a10598668 _c10598668 |
||
| 100 | _a20151118d2015 km y0rusy50 ca | ||
| 101 | 0 |
_arus _aeng |
|
| 102 | _aRU | ||
| 105 | _aa|||z|||101yy | ||
| 200 | 1 |
_aV международная конференция "Фундаментальные проблемы высокотемпературной сверхпроводимости", ФПС'15, 5-9 октября 2015 года, Малаховка _eсборник расширенных тезисов |
|
| 210 |
_aМосква _cФИАН _d2015 |
||
| 215 |
_a261 с. _cил. _d30 |
||
| 300 | _aВ надзаг.: Российская акад. наук, Физ. ин-т им. П. Н. Лебедева | ||
| 300 | _aНа обл.: V International сonference "Fundamental problems of high temperature superconductivity" FPS'15, October 5-9, 2015, Malakhovka-Moscow : the workbook of extended abstracts | ||
| 300 | _aТекст рус., англ. | ||
| 320 | _aБиблиогр. в конце докл. | ||
| 320 | _aАвт. указ.: с. 258-261 | ||
| 512 | 1 |
_6z01791 _aV International Conference "Fundamental problems of high temperature superconductivity" FPS'15, October 5-9, 2015, Malakhovka-Moscow : the workbook of extended abstracts |
|
| 517 | 1 | _aПятая международная конференция "Фундаментальные проблемы высокотемпературной сверхпроводимости" ФПС'15, 5-9 октября 2015 года, Малаховка | |
| 606 | 1 |
_aСверхпроводимость высокотемпературная _jСъезды, совещания и т.п _92085251 _3RU\NLR\AUTH\661261365 |
|
| 675 | _a538.9 | ||
| 686 | 1 | _aВ332.21я431(0) | |
| 710 | 1 | 2 |
_a"Фундаментальные проблемы высокотемпературной сверхпроводимости", международная конференция _d5 _f2015 _eпгт. Малаховка, Московская обл. _3RU\NLR\AUTH\880414083 _9493373 |
| 791 | 1 | 2 |
_8eng _a"Fundamental problems of high temperature superconductivity", international conference _d5 _f2015 _eMalakhovka/Moscow _7ba _3RU\NLR\AUTH\880414085 _9493377 |
| 801 | 0 |
_aRU _bRuMoRKP _c20151030 _gRCR |
|
| 801 | 2 |
_aRU _bРГБ _c20151106 _grcr |
|
| 942 | _cBOOK | ||
| 980 | _aNBR | ||